| 000 | 02297nam a22003017a 4500 | ||
|---|---|---|---|
| 001 | 1529 | ||
| 003 | FISKH | ||
| 005 | 20250408120920.0 | ||
| 008 | 230904b cb ||||| |||| 00| 0 khr d | ||
| 020 | _a9789924341109 | ||
| 040 |
_aFISKH _beng _cFISKH _dFISKH |
||
| 082 | _a577.63 | ||
| 100 | _aMengchheang, Sunheng | ||
| 245 |
_aជីវិតជុំវិញបឹងទន្លេសាប / _cនិពន្ធដោយ ស៊ុនហេង ម៉េងឈាង អត្ថបទ «អង្គរ និមិត្តរូបនៃជាតិខ្មែរ» ដោយលោក អ៉ឺម សុខរិទ្ធិ អាជ្ញាធរអប្សរា - អត្ថបទ «ព្រែកទាល់ ឋានសួគ៍បក្សីទឹក» ដោយ Association Gecko, FAO Siem Reap |
||
| 250 | _aបោះពុម្ពលើកទី ៥មិនា ២០២២ | ||
| 260 |
_aPhnom Penh : _bSipar, _c2022. |
||
| 300 |
_a39 pages : _bmap ; color illustrations ; _c20 cm |
||
| 490 | _aខ្ញុំចង់ដឹង | ||
| 505 | _aZ' | ||
| 520 | _aជីវិតជុំវិញទន្លេសាបផ្តល់ព័ត៌មានអំពីរបៀបរស់នៅរបស់ប្រជាជនក្នុងខេត្ត និងរាជធានីជុំវិញទន្លេសាប ដូចជា៖ ភ្នំពេញ កំពង់ឆ្នាំង ពោធិសាត់ បាត់ដំបង ប៉ៃលិន សៀមរាប កំពង់ធំ ព្រះវិហារ បន្ទាយមានជ័យ និងប្រទេសថៃ ដែលជាប្រទេសជិតខាងរបស់យើង។ | ||
| 520 | _aLife around Tonlesap provides information of how people live in the provinces and capital city around Tonlesap such as: Phnom Penh, Kampong Chnang, Pursat, Battambong, Pailin, Siem Reap, Kampong Thom, Preah Vihear, Banteay Meanchey and Thailand, our neighbouring country. | ||
| 521 | 8 |
_a1000
_bLexile estimate |
|
| 521 | 8 |
_aZ'
_bRaz-Plus |
|
| 648 | _v | ||
| 650 |
_aការរស់នៅ _vធម្មជាតិ _xបឹងទន្លេសាប |
||
| 650 |
_aLive _vNature _xTonlesab River |
||
| 942 |
_2ddc _cBK _n0 |
||
| 999 |
_c1529 _d1529 |
||